| Tag |
First Indicator |
Second Indicator |
Subfields |
| LEADER |
00000cam a22000008a 4500 |
| 001 |
in00000081755 |
| 005 |
20151008054137.0 |
| 008 |
810320s1981 mau b 00110 eng |
| 010 |
|
|
|a 81002703
|
| 020 |
|
|
|a 0674294157
|
| 035 |
|
|
|a (OCoLC)07328025
|
| 035 |
|
|
|9 AAH9769AM
|
| 039 |
0 |
|
|a 2
|b 3
|c 3
|d 3
|e 3
|
| 040 |
|
|
|a DLC
|c DLC
|d TXA
|d UtOrBLW
|
| 049 |
|
|
|a TXAM
|c [1672206]
|
| 050 |
0 |
0 |
|a HQ728
|b .R383
|
| 082 |
0 |
|
|a 306.8
|2 19
|
| 100 |
1 |
|
|a Reiss, David,
|d 1937-
|
| 245 |
1 |
4 |
|a The family's construction of reality /
|c David Reiss.
|
| 263 |
|
|
|a 8110
|
| 264 |
|
1 |
|a Cambridge, Mass. :
|b Harvard University Press,
|c 1981.
|
| 300 |
|
|
|a xiii, 426 pages ;
|c 24 cm.
|
| 336 |
|
|
|a text
|b txt
|2 rdacontent
|
| 337 |
|
|
|a unmediated
|b n
|2 rdamedia
|
| 338 |
|
|
|a volume
|b nc
|2 rdacarrier
|
| 500 |
|
|
|a Includes index.
|
| 504 |
|
|
|a Bibliography: pages [401]-412.
|
| 650 |
|
0 |
|a Families
|x Attitudes.
|
| 650 |
|
0 |
|a Reality.
|
| 650 |
|
0 |
|a Model theory.
|
| 650 |
|
0 |
|a Social interaction
|x Psychological aspects.
|
| 999 |
|
|
|a MARS
|
| 999 |
f |
f |
|s 0b9d611e-6d07-32f9-ac91-4bfebecf38bf
|i c53702fb-e7c8-3b25-bf53-99dbebdc47d7
|t 0
|
| 952 |
f |
f |
|p ric
|a Texas A&M University
|b Rellis Campus
|c Joint Library Facility
|d Remote Storage
|t 0
|e HQ728 .R383
|h Library of Congress classification
|i unmediated -- volume
|m A14806142140
|
| 998 |
f |
f |
|a HQ728 .R383
|t 0
|l Remote Storage
|